Vivir para contarla

Saved in:
Bibliografiske detaljer
Hovedforfatter: García Márquez, Gabriel (Author)
Format: Bog
Sprog:spansk
Udgivet: Buenos Aires Sudamericana 2002
Fag:
Tags: Tilføj Tag
Ingen Tags, Vær først til at tagge denne postø!

MARC

LEADER 00000nam a2200000 a 4500
001 UCM8207
003 CL-VaPUC
008 030228e20021000AG |||||||||||||||||spa|d
020 |a 9500722984 
082 0 4 |a Co860.092  |b GAR  |2 21 
100 0 |a García Márquez, Gabriel  |e author  |9 318478 
245 1 0 |a Vivir para contarla 
300 |a 579 p 
942 |c BK 
945 |d 20030228 00:00:00  |a vberengu 
260 |a Buenos Aires  |b Sudamericana  |c 2002 
650 0 |a Autobiografías   |9 265171 
650 7 |a ESCRITORES COLOMBIANOS - SIGLO 20  |2 CL-VaPUC  |9 474172 
583 |a last modification  |c 20030228 00:00:00  |k Rodrigo Vera 
999 |c 302785  |d 302783 
952 |0 0  |1 0  |4 0  |6 CO_860_092000000000000_GAR_2002  |7 0  |8 A  |9 363525  |a BIBEDU  |b BIBEDU  |d 2019-11-21  |i 3872742  |o Co860.092 GAR 2002  |p 3872742  |r 2019-11-21  |w 2019-11-21  |y BK  |k LIT 
952 |0 0  |1 0  |4 0  |6 CO_860_092000000000000_GAR_2002  |7 0  |8 A  |9 363526  |a BIBCUR  |b BIBCUR  |d 2019-11-21  |i 409803K  |o Co860.092 GAR 2002  |p 409803K  |r 2025-04-22  |w 2019-11-21  |y BK  |k PER